| 000 | 00535 a2200181 4500 | ||
|---|---|---|---|
| 005 | 20250110161037.0 | ||
| 010 | _aENG-143329 | ||
| 020 |
_c150.00 _a9788190596237 |
||
| 035 | _aEN-126861 | ||
| 037 | _bDBAD | ||
| 082 | 1 | 4 | _a921 |
| 100 | 1 |
_aRay, Nirmal _976370 |
|
| 245 | 1 |
_aRosa Luxemburg on Literature and Art/ _cby Nirmal Ray |
|
| 260 |
_aKolkata _bKalpana Sen _c2010 |
||
| 270 |
_aP 494 A,. Keyatala Road, _bKolkata _cKolkata _e700029 _k24652507 |
||
| 300 |
_a160p. _c22 cm(pb) |
||
| 942 |
_adpl _cEN _2ddc _h921 _mRAY |
||
| 999 |
_c208385 _d208385 |
||